ARRUPE JESUIT UNIVERSITY

CORONAVIRUS -STOP THE SPREAD - CLEAN,DISINFECT,COVER

Sail '95 Bremerhaven (Record no. 125503)

MARC details
000 -LEADER
fixed length control field 00376nam a22001337a 4500
008 - FIXED-LENGTH DATA ELEMENTS--GENERAL INFORMATION
fixed length control field 161013b xxu||||| |||| 00| 0 eng d
050 ## - LIBRARY OF CONGRESS CALL NUMBER
Classification number L. VK543.D672
100 ## - MAIN ENTRY--PERSONAL NAME
Personal name Domizlaff, Svante
9 (RLIN) 26725
245 ## - TITLE STATEMENT
Title Sail '95 Bremerhaven
Statement of responsibility, etc Svante Domizlaff
260 ## - PUBLICATION, DISTRIBUTION, ETC. (IMPRINT)
Place of publication, distribution, etc Hamburg
Name of publisher, distributor, etc Hensinger
Date of publication, distribution, etc 1995
300 ## - PHYSICAL DESCRIPTION
Extent 104p. ;
Dimensions 28cm.
650 ## - SUBJECT ADDED ENTRY--TOPICAL TERM
Topical term or geographic name as entry element Sailing Ships
9 (RLIN) 26726
942 ## - ADDED ENTRY ELEMENTS (KOHA)
Source of classification or shelving scheme Library of Congress Classification
Item type Monograph ( Printed materials)
Holdings
Withdrawn status Lost status Source of classification or shelving scheme Damaged status Not for loan Collection code Home library Current library Shelving location Date acquired Total Checkouts Full call number Barcode Date last seen Price effective from Koha item type
    Library of Congress Classification     Main Collection ARRUPE LIBRARY ARRUPE LIBRARY Main Collection 13/10/2016   L. VK543.D672 46500010566 13/10/2016 13/10/2016 Monograph ( Printed materials)

 

Arrupe Library. PO Box MP320 Mt Pleasant, Harare, Zimbabwe
263 242 745411|librarian@aju.ac.zw